| 000 | 00429nam a2200181Ia 4500 | ||
|---|---|---|---|
| 005 | 20240823041123.0 | ||
| 008 | 240823s9999||||xx |||||||||||||| ||und|| | ||
| 020 | _a978-81-203-4536-2 | ||
| 041 | _aENGLISH | ||
| 082 | _A823.7 Q2 | ||
| 100 | _aSarbani Putatunda | ||
| 245 | 0 | _aR K Narayan critical essays | |
| 260 |
_c2012 _bPHI Learning Pv |
||
| 500 | _aYES | ||
| 650 |
_aEssays _bEnglish |
||
| 942 | _cBK | ||
| 999 |
_c204737 _d204737 |
||